[Event "October TNT"]
[Site "Winnipeg CAN"]
[Date "2016.10.25"]
[Round "4"]
[White "Einarsson, Ken"]
[Black "Annakkage, Udaya"]
[Result "1-0"]
[WhiteElo "1750"]
[BlackElo "1573"]
[PlyCount "71"]
[EventDate "2016.10.04"]
[EventType "swiss"]
[EventRounds "4"]
[EventCountry "CAN"]

1. d4 Nf6 2. c4 e6 3. Nc3 Bb4 4. Bd2 O-O 5. e3 b6 6. Bd3 Bb7 7. Nf3 d5 8. cxd5
exd5 9. O-O Nbd7 10. Qc2 Re8 11. a3 Bxc3 12. Bxc3 Ne4 13. Rac1 Rc8 14. Be1 h6
15. Nd2 Ndf6 16. Nf3 Nd7 17. Qa4 a5 18. Bb5 Re7 19. b4 axb4 20. Bxb4 c5 21.
dxc5 Ndxc5 22. Qd1 Rec7 23. Nd4 Qf6 24. Qf3 Qg6 25. Qf5 Qf6 26. Qxf6 Nxf6 27.
Nf5 Rd8 28. h3 Nfe4 29. a4 Kh7 30. f3 Nd6 31. Nxd6 Rxd6 32. a5 bxa5 33. Rxc5
Rxc5 34. Bxc5 Rd8 35. Ra1 Ra8 36. Bb6 1-0

[Event "October TNT"]
[Site "Winnipeg CAN"]
[Date "2016.10.25"]
[Round "4"]
[White "Green, Jim"]
[Black "Trueman, Francis"]
[Result "1-0"]
[WhiteElo "1794"]
[BlackElo "1428"]
[PlyCount "67"]
[EventDate "2016.10.04"]
[EventType "swiss"]
[EventRounds "4"]
[EventCountry "CAN"]

1. e4 e5 2. Nf3 d6 3. Bc4 h6 4. Nc3 Nd7 5. O-O Ngf6 6. d4 g6 7. dxe5 dxe5 8.
Qe2 Bg7 9. Rd1 Qe7 10. Be3 Nc5 11. Bxc5 Qxc5 12. Rd2 O-O 13. Rad1 Bg4 14. Bb3
Qe7 15. h3 Bd7 16. Nd5 Nxd5 17. Bxd5 c6 18. Bb3 Rad8 19. Qe3 c5 20. Bd5 b6 21.
c4 Kh7 22. Qa3 Bc8 23. Qa4 Bf6 24. Qa3 Rg8 25. Qe3 h5 26. Bc6 g5 27. Rxd8 Rxd8
28. Rxd8 Qxd8 29. Qd2 Qg8 30. Bd7 Bb7 31. Bf5+ Kh8 32. Qd6 Qg7 33. Qb8+ Qg8 34.
Qxb7 1-0

[Event "October TNT"]
[Site "Winnipeg CAN"]
[Date "2016.10.25"]
[Round "4"]
[White "Konara, Harshani"]
[Black "Rutter, Blair"]
[Result "1-0"]
[WhiteElo "1871"]
[BlackElo "1895"]
[PlyCount "68"]
[EventDate "2016.10.04"]
[EventType "swiss"]
[EventRounds "4"]
[EventCountry "CAN"]

1. c4 e6 2. g3 d5 3. cxd5 exd5 4. Bg2 c6 5. d3 Nf6 6. Nf3 Bd6 7. Nbd2 O-O 8.
O-O Re8 9. b3 h6 10. Bb2 Bf5 11. Re1 Nbd7 12. a3 Re7 13. b4 Qb6 14. Bd4 Qc7 15.
Rc1 Rae8 16. Nb3 b6 17. Bxf6 Nxf6 18. Nfd4 Bd7 19. Nxc6 Bxc6 20. Nd4 Qb7 21.
Nxc6 Rc7 22. Nd4 Be5 23. Nf5 Rd7 24. d4 Bc7 25. Qb3 Kh7 26. Ne3 Red8 27. Qd3+
g6 28. Rc2 Bd6 29. Rec1 Bf8 30. Rc6 Bg7 31. Nf1 Re7 32. e3 Qd7 33. Nd2 Qg4 34.
Nf3 Ne4 1-0

[Event "October TNT"]
[Site "Winnipeg CAN"]
[Date "2016.10.25"]
[Round "4"]
[White "Leaden, Bruce"]
[Black "Piche, Zachary"]
[Result "1-0"]
[WhiteElo "1399"]
[BlackElo "1216"]
[PlyCount "43"]
[EventDate "2016.10.04"]
[EventType "swiss"]
[EventRounds "4"]
[EventCountry "CAN"]

1. e4 c5 2. Nc3 e6 3. f4 Nc6 4. Bb5 d6 5. Nf3 Nf6 6. O-O a6 7. Bxc6+ bxc6 8. d3
Be7 9. e5 dxe5 10. fxe5 Nd5 11. Ne4 Rb8 12. Nfg5 O-O 13. Qh5 h6 14. Nxf7 Qe8
15. Nxh6+ gxh6 16. Qg4+ Kh7 17. Rxf8 Qxf8 18. Qh5 Nb4 19. Bd2 Nxc2 20. Rf1 Qg7
21. Rf7 Qxf7 22. Qxf7+ 1-0

[Event "October TNT"]
[Site "Winnipeg CAN"]
[Date "2016.10.25"]
[Round "4"]
[White "Wiebe, Isaac"]
[Black "Wolchock, Theo"]
[Result "1-0"]
[WhiteElo "2124"]
[BlackElo "2005"]
[PlyCount "68"]
[EventDate "2016.10.04"]
[EventType "swiss"]
[EventRounds "4"]
[EventCountry "CAN"]

1. e4 c5 2. Nf3 e6 3. c3 Nc6 4. d4 cxd4 5. cxd4 d5 6. e5 Bb4+ 7. Nc3 Nge7 8.
Bd3 Bd7 9. O-O Ng6 10. Ne2 Qb6 11. h4 O-O-O 12. h5 Nf8 13. a3 Be7 14. b4 f6 15.
Bf4 fxe5 16. Nxe5 Nxe5 17. Bxe5 Bd6 18. Bxg7 Rg8 19. h6 Bb5 20. Bxb5 Qxb5 21.
Nc3 Qd7 22. Qa4 Qxa4 23. Nxa4 b6 24. Rfe1 Kd7 25. Re2 Ng6 26. Rae1 Nf4 27. Re3
Rde8 28. Rf3 Nh5 29. Be5 Ref8 30. Rxf8 Rxf8 31. Nc3 a6 32. Na4 b5 33. Bxd6 Kxd6
34. Nc5 Re8 1-0

[Event "October TNT"]
[Site "Winnipeg CAN"]
[Date "2016.10.25"]
[Round "4"]
[White "Zashev, Aleksandar"]
[Black "Valentino, Marcos"]
[Result "0-1"]
[WhiteElo "2090"]
[BlackElo "2224"]
[PlyCount "50"]
[EventDate "2016.10.04"]
[EventType "swiss"]
[EventRounds "4"]
[EventCountry "CAN"]

1. d4 Nf6 2. Nc3 d6 3. e4 Nbd7 4. Be3 e5 5. f3 Be7 6. Nge2 O-O 7. Qd2 a6 8.
O-O-O b5 9. Kb1 Nb6 10. dxe5 dxe5 11. Qc1 Qe8 12. g4 Be6 13. g5 Nfd7 14. Ng3 c6
15. Rd2 Bb4 16. Nd1 Bxd2 17. Qxd2 Qe7 18. Qe2 Rab8 19. Nf5 Bxf5 20. exf5 Nd5
21. Qd2 f6 22. h4 Nxe3 23. Nxe3 Nc5 24. Qc3 Rbd8 25. Rg1 Kh8 0-1

[Event "Ontario High School-ch"]
[Site "Toronto CAN"]
[Date "2016.04.22"]
[Round "3"]
[White "Lin, Tony (Juntao)"]
[Black "Chen, Richard"]
[Result "1/2-1/2"]
[WhiteElo "2259"]
[BlackElo "2353"]
[PlyCount "55"]
[EventDate "2016.04.23"]
[EventType "swiss"]
[EventRounds "5"]
[EventCountry "CAN"]

1. d4 Nf6 2. c4 c5 3. d5 b5 4. cxb5 a6 5. f3 axb5 6. e4 Qa5+ 7. Bd2 Qb6 8. Nc3
b4 9. Na4 Qa7 10. Nxc5 e6 11. Nb3 Ba6 12. Bxa6 Qxa6 13. Qe2 exd5 14. e5 Ng8 15.
Nh3 Nc6 16. Nf4 Nge7 17. Qxa6 Rxa6 18. O-O g6 19. Rfe1 Bg7 20. Nd3 Rb6 21. Be3
Rb5 22. f4 O-O 23. Bc5 Ra8 24. g4 Bf8 25. Rec1 Nc8 26. Bxf8 Kxf8 27. Ndc5 Ke7
28. Rd1 1/2-1/2

[Event "Ontario High School-ch"]
[Site "Toronto CAN"]
[Date "2016.04.23"]
[Round "4"]
[White "Chen, Richard"]
[Black "Nitu, Vladimir"]
[Result "1-0"]
[WhiteElo "2353"]
[BlackElo "1751"]
[PlyCount "65"]
[EventDate "2016.04.23"]
[EventType "swiss"]
[EventRounds "5"]
[EventCountry "CAN"]

1. e4 e6 2. d4 d5 3. Nd2 Nf6 4. e5 Nfd7 5. f4 c5 6. c3 Nc6 7. Ndf3 Qb6 8. g3 f6
9. Bh3 Kf7 10. Kf1 Be7 11. Kg2 cxd4 12. cxd4 f5 13. g4 g6 14. Ne2 h6 15. Rg1
Rg8 16. Kh1 Qd8 17. gxf5 gxf5 18. Be3 Nb6 19. b3 Bd7 20. Ng3 Rg6 21. Bf1 Kg8
22. Be2 Kh7 23. Qf1 Qc7 24. Qh3 Rag8 25. Ng5+ Kg7 26. Nh5+ Kf8 27. Nh7+ Kf7 28.
N5f6 Rxg1+ 29. Rxg1 Rxg1+ 30. Kxg1 Bxf6 31. exf6 Ke8 32. Qh5+ Kd8 33. f7 1-0

[Event "Ontario High School-ch"]
[Site "Toronto CAN"]
[Date "2016.04.23"]
[Round "5"]
[White "Lin, Tony (Juntao)"]
[Black "Hunter, Harold"]
[Result "1-0"]
[WhiteElo "2259"]
[BlackElo "1585"]
[PlyCount "105"]
[EventDate "2016.04.23"]
[EventType "swiss"]
[EventRounds "5"]
[EventCountry "CAN"]

1. d4 d5 2. c4 e6 3. Nc3 Nf6 4. cxd5 exd5 5. Bg5 Be7 6. e3 Nbd7 7. Bd3 O-O 8.
Qc2 c6 9. Nf3 h6 10. Bf4 Re8 11. O-O Nh5 12. Nxd5 Nxf4 13. Nxf4 Bd6 14. Ne2 Nf8
15. Bf5 Qf6 16. Bxc8 Raxc8 17. Rac1 Ng6 18. Nc3 Nh4 19. Nxh4 Qxh4 20. g3 Qh5
21. Qd1 Qg6 22. Qf3 Bb4 23. a3 Bxc3 24. Rxc3 Qe4 25. Qxe4 Rxe4 26. Rfc1 Re6 27.
b4 a6 28. a4 Rd8 29. Rc5 Rd7 30. h4 f6 31. h5 Kf7 32. Kg2 Ree7 33. g4 Ke6 34.
b5 axb5 35. axb5 cxb5 36. Rxb5 Rc7 37. Rxc7 Rxc7 38. e4 Kd6 39. Rb6+ Ke7 40. d5
Kd7 41. d6 Rc4 42. Kf3 Kc8 43. d7+ Kxd7 44. Rxb7+ Rc7 45. Rxc7+ Kxc7 46. Kf4
Kd7 47. Kf5 Ke7 48. Kg6 Kf8 49. f4 Kg8 50. e5 fxe5 51. fxe5 Kf8 52. e6 Kg8 53.
e7 1-0

[Event "Ontario High School-ch"]
[Site "Toronto CAN"]
[Date "2016.04.23"]
[Round "5"]
[White "Nitu, Vladimir"]
[Black "Zhu, Jiarong"]
[Result "1-0"]
[WhiteElo "1751"]
[BlackElo "1688"]
[PlyCount "97"]
[EventDate "2016.04.23"]
[EventType "swiss"]
[EventRounds "5"]
[EventCountry "CAN"]

1. d4 d5 2. c4 c6 3. Nc3 Nf6 4. Nf3 dxc4 5. e3 b5 6. a4 Bd7 7. d5 b4 8. dxc6
Nxc6 9. Nb5 a6 10. Nbd4 Nxd4 11. Qxd4 Be6 12. Qxd8+ Rxd8 13. Bd2 a5 14. Rc1 g6
15. Bxc4 Bxc4 16. Rxc4 Bg7 17. b3 O-O 18. O-O Rc8 19. Rfc1 Rxc4 20. Rxc4 Rd8
21. Rd4 Rxd4 22. exd4 Ne4 23. Bf4 Nd6 24. Bxd6 exd6 25. d5 Bf6 26. Kf1 Bd8 27.
Ke2 Bb6 28. Nd2 f5 29. f3 Kf7 30. Kd3 Kf6 31. Kc4 Ke5 32. Kb5 Bc5 33. Kc6 Kd4
34. Nc4 Kc3 35. Nxa5 h5 36. Kb5 Bg1 37. Nc6 Kxb3 38. Nxb4 Bxh2 39. a5 Bg1 40.
a6 Kc3 41. Nc6 g5 42. Ne7 g4 43. Nxf5 gxf3 44. gxf3 Ba7 45. Kc6 Kc4 46. Nxd6+
Kb4 47. Nf5 Ka5 48. Kb7 Bb6 49. d6 1-0

[Event "Ontario op U1600"]
[Site "Toronto CAN"]
[Date "2016.05.21"]
[Round "2"]
[White "Pishdad, Hassan"]
[Black "Bharath, Rameh"]
[Result "0-1"]
[WhiteElo "1255"]
[BlackElo "1313"]
[PlyCount "56"]
[EventDate "2016.05.21"]
[EventType "swiss"]
[EventRounds "6"]
[EventCountry "CAN"]

1. d4 Nf6 2. c4 c5 3. Nc3 cxd4 4. Qxd4 Nc6 5. Qd1 a6 6. e3 e6 7. Be2 Qc7 8. Nf3
Bb4 9. Bd2 O-O 10. a3 Bd6 11. Qc2 b6 12. h3 Bb7 13. O-O Rac8 14. Rac1 Ne5 15.
Nxe5 Bxe5 16. f4 Bd6 17. Be1 Qc6 18. Bf3 Qc7 19. Bxb7 Qxb7 20. Qb3 Bc5 21. Bf2
Rfd8 22. Ne2 Ne4 23. Nd4 Nd2 24. Qd3 Nxf1 25. Rxf1 d5 26. Bh4 dxc4 27. Qxc4
Bxd4 28. Qd3 Bf6 0-1

[Event "Outaouais op (TORO)"]
[Site "Gatineau CAN"]
[Date "2016.06.03"]
[Round "1"]
[White "Turcotte, Jonathan"]
[Black "Lemieux, Serge"]
[Result "1/2-1/2"]
[WhiteElo "2060"]
[BlackElo "1706"]
[PlyCount "66"]
[EventDate "2016.06.03"]
[EventType "swiss"]
[EventRounds "5"]
[EventCountry "CAN"]

1. d4 e6 2. c4 c6 3. Nf3 d5 4. Bg5 Nf6 5. Nc3 Be7 6. e3 Nbd7 7. Rc1 Ne4 8. Bxe7
Qxe7 9. Bd3 Nxc3 10. Rxc3 Nf6 11. O-O Bd7 12. Ne5 O-O 13. Qc2 Rac8 14. b4 a6
15. c5 Be8 16. a4 g6 17. b5 cxb5 18. axb5 Bxb5 19. Bxb5 axb5 20. f3 Nd7 21.
Nxd7 Qxd7 22. Rb1 Ra8 23. Rcb3 Ra5 24. Qe2 Rfa8 25. Rxb5 Ra1 26. R5b2 Qc6 27.
Qb5 Rxb1+ 28. Rxb1 Ra1 29. Qb2 Rxb1+ 30. Qxb1 Qa6 31. Kf2 Kg7 32. Qb3 Qc6 33.
g3 h6 1/2-1/2

[Event "Outaouais-ch ferme"]
[Site "Gatineau CAN"]
[Date "2016.04.12"]
[Round "1"]
[White "Akrib, Fouad"]
[Black "Raymond, Daniel"]
[Result "1-0"]
[WhiteElo "1967"]
[BlackElo "1757"]
[PlyCount "81"]
[EventDate "2016.04.12"]
[EventType "tourn"]
[EventRounds "7"]
[EventCountry "CAN"]

1. d4 d5 2. Bf4 Nf6 3. e3 e6 4. Nf3 Be7 5. Nbd2 O-O 6. Ne5 c5 7. c3 Nc6 8. Bd3
Re8 9. g4 Nd7 10. Qf3 Ncxe5 11. dxe5 Nf8 12. h4 Bd7 13. g5 Bc6 14. Qg3 d4 15.
Be4 dxc3 16. bxc3 Bxe4 17. Nxe4 Qd3 18. Nf6+ Bxf6 19. gxf6 Qg6 20. Qh2 Qh5 21.
Rg1 Ng6 22. Rg5 Qxh4 23. Rxg6 Qxh2 24. Rxg7+ Kh8 25. Bxh2 Rg8 26. Rxg8+ Rxg8
27. Ke2 Rd8 28. Bf4 b5 29. a3 c4 30. a4 a6 31. axb5 axb5 32. Bh6 Rb8 33. e4 Rc8
34. f4 Rg8 35. Bg7+ Rxg7 36. fxg7+ Kxg7 37. Ra5 h5 38. Rxb5 h4 39. Kf3 Kg6 40.
Kg4 h3 41. Kxh3 1-0

[Event "Outaouais-ch ferme"]
[Site "Gatineau CAN"]
[Date "2016.04.12"]
[Round "1"]
[White "Arsenault, Michel"]
[Black "Scantland, Patrick"]
[Result "1-0"]
[WhiteElo "1851"]
[BlackElo "1788"]
[PlyCount "37"]
[EventDate "2016.04.12"]
[EventType "tourn"]
[EventRounds "7"]
[EventCountry "CAN"]

1. e4 c5 2. Nc3 d6 3. f4 g6 4. Nf3 Bg7 5. Bc4 e6 6. O-O Nc6 7. f5 exf5 8. d3 h6
9. Qe1 Nge7 10. exf5 Bxf5 11. g4 Bxg4 12. Bxf7+ Kd7 13. Qg3 Bxf3 14. Qxf3 Bd4+
15. Kh1 Ne5 16. Qxb7+ Qc7 17. Be6+ Kd8 18. Qxa8+ Nc8 19. Qxc8+ 1-0

[Event "Outaouais-ch ferme"]
[Site "Gatineau CAN"]
[Date "2016.04.12"]
[Round "1"]
[White "Desjardins, Michel"]
[Black "Rose, Richard"]
[Result "1/2-1/2"]
[WhiteElo "1909"]
[BlackElo "1931"]
[PlyCount "90"]
[EventDate "2016.04.12"]
[EventType "tourn"]
[EventRounds "7"]
[EventCountry "CAN"]

1. e4 c5 2. c3 Nc6 3. d4 cxd4 4. cxd4 d6 5. Nf3 g6 6. d5 Ne5 7. Nxe5 dxe5 8.
Nc3 Bg7 9. Be3 Nf6 10. Be2 O-O 11. O-O Bd7 12. Qb3 Qb8 13. Rac1 Rc8 14. f3 Ne8
15. Bb5 Bxb5 16. Nxb5 a6 17. Rxc8 Qxc8 18. Rc1 Qd7 19. Nc3 b5 20. a4 Nd6 21.
Ra1 Nc4 22. Bf2 Rb8 23. axb5 axb5 24. Ra7 Qe8 25. Qb4 Bf8 26. Bc5 Nd6 27. Ra5
Bh6 28. Bxd6 Be3+ 29. Kf1 exd6 30. Rxb5 Rxb5 31. Qxb5 Qa8 32. Qa4 Qb7 33. Qb5
Qa7 34. Nd1 Qa1 35. Qe2 Bd4 36. Ke1 Bb6 37. Qb5 Bd4 38. Qe2 Kg7 39. h3 Qa5+ 40.
Qd2 Qa4 41. Qe2 Bb6 42. Qd3 Qa5+ 43. Ke2 Qc5 44. Qe3 Qc2+ 45. Qd2 Qc5 1/2-1/2

[Event "Outaouais-ch ferme"]
[Site "Gatineau CAN"]
[Date "2016.04.19"]
[Round "2"]
[White "Gagnon, Fabien"]
[Black "Desjardins, Michel"]
[Result "1/2-1/2"]
[WhiteElo "2000"]
[BlackElo "1909"]
[PlyCount "47"]
[EventDate "2016.04.12"]
[EventType "tourn"]
[EventRounds "7"]
[EventCountry "CAN"]

1. Nf3 d5 2. g3 Nf6 3. Bg2 Bg4 4. O-O c6 5. d3 Nbd7 6. Nbd2 e5 7. e4 dxe4 8.
dxe4 Bc5 9. h3 Bh5 10. g4 Bg6 11. Qe2 O-O 12. Nh4 Qc7 13. Rd1 Rfd8 14. Nb3 Bb6
15. a4 Nc5 16. Nxc5 Bxc5 17. Be3 Bxe3 18. Qxe3 Qa5 19. Nxg6 hxg6 20. Qb3 Qc7
21. Bf3 Nd7 22. Qc4 Nf8 23. b4 Ne6 24. a5 1/2-1/2

[Event "Outaouais-ch ferme"]
[Site "Gatineau CAN"]
[Date "2016.04.19"]
[Round "2"]
[White "Raymond, Daniel"]
[Black "Scantland, Patrick"]
[Result "1/2-1/2"]
[WhiteElo "1757"]
[BlackElo "1788"]
[PlyCount "133"]
[EventDate "2016.04.12"]
[EventType "tourn"]
[EventRounds "7"]
[EventCountry "CAN"]

1. e4 c5 2. Nf3 d6 3. d4 cxd4 4. Nxd4 Nf6 5. Nc3 a6 6. Be2 e5 7. Nb3 Be7 8. O-O
O-O 9. Be3 Be6 10. f4 exf4 11. Rxf4 Nbd7 12. Qd2 Rc8 13. Nd4 Bc4 14. Nf5 Ne5
15. Rd1 Bxe2 16. Qxe2 Re8 17. Nd5 Nxd5 18. Rxd5 Nc4 19. Qg4 Bf6 20. Nh6+ Kf8
21. Bd4 Bxd4+ 22. Rxd4 gxh6 23. Qh5 Ne5 24. Qxh6+ Kg8 25. Rxd6 Qe7 26. Rh4 f6
27. Rxf6 Rxc2 28. Qg5+ Qg7 29. Qxg7+ Kxg7 30. Rb6 Re7 31. h3 Rd7 32. Rf4 Nd3
33. Rg4+ Kf8 34. b3 Rxa2 35. Rg5 Rf7 36. Rf5 Rf2 37. Rxb7 R2xf5 38. Rb8+ Kg7
39. exf5 Rxf5 40. Rb7+ Kg6 41. Rd7 Nc5 42. Ra7 Rf6 43. b4 Nd3 44. Rb7 h5 45.
Rb8 Rf5 46. Rb6+ Rf6 47. Rb8 Kf5 48. b5 Nf4 49. g4+ hxg4 50. hxg4+ Kxg4 51.
bxa6 Rxa6 52. Kf2 Ra3 53. Rg8+ Kf5 54. Rf8+ Ke5 55. Re8+ Kd4 56. Rd8+ Nd5 57.
Rh8 Re3 58. Rd8 Re5 59. Kf3 Kd3 60. Ra8 Rf5+ 61. Kg4 Ne3+ 62. Kg3 Ke4 63. Ra4+
Ke5 64. Ra5+ Nd5 65. Kg4 Rf4+ 66. Kg3 Rd4 67. Ra8 1/2-1/2

[Event "Outaouais-ch ferme"]
[Site "Gatineau CAN"]
[Date "2016.04.26"]
[Round "3"]
[White "Gagnon, Fabien"]
[Black "Arsenault, Michel"]
[Result "1/2-1/2"]
[WhiteElo "2000"]
[BlackElo "1851"]
[PlyCount "53"]
[EventDate "2016.04.12"]
[EventType "tourn"]
[EventRounds "7"]
[EventCountry "CAN"]

1. c4 Nf6 2. g3 c6 3. b3 d5 4. Bb2 Qb6 5. d3 Ng4 6. e3 e5 7. Nf3 f6 8. h3 Nh6
9. Bg2 Bb4+ 10. Nbd2 Be6 11. g4 Nd7 12. O-O Nf7 13. a3 Be7 14. Rb1 O-O 15. d4
e4 16. c5 Qc7 17. Nh2 g6 18. f4 f5 19. Qe1 b5 20. g5 h6 21. h4 Kh7 22. Qe2 h5
23. Rfc1 a5 24. Nhf1 Nd8 25. Ng3 Bf7 26. Kh1 Ne6 27. Qf2 1/2-1/2

[Event "Outaouais-ch ferme"]
[Site "Gatineau CAN"]
[Date "2016.04.26"]
[Round "3"]
[White "Scantland, Patrick"]
[Black "Rose, Richard"]
[Result "0-1"]
[WhiteElo "1788"]
[BlackElo "1931"]
[PlyCount "52"]
[EventDate "2016.04.12"]
[EventType "tourn"]
[EventRounds "7"]
[EventCountry "CAN"]

1. d4 Nf6 2. c4 e6 3. Nc3 d5 4. cxd5 exd5 5. Bg5 Bb4 6. e3 Qd6 7. Bd3 Ne4 8.
Nge2 Nxg5 9. O-O Bxc3 10. Nxc3 c6 11. Rc1 Nd7 12. Qh5 h6 13. f4 Nf6 14. Qh4
Nge4 15. Rf3 Bf5 16. a3 Nxc3 17. Rxc3 Ne4 18. Bxe4 Bxe4 19. Rg3 Qf6 20. Qg4 g6
21. b4 h5 22. Qe2 Qe6 23. b5 Rc8 24. Rg5 f6 25. Rg3 h4 26. Rh3 Bf5 0-1

[Event "Outaouais-ch ferme"]
[Site "Gatineau CAN"]
[Date "2016.05.03"]
[Round "4"]
[White "Gagnon, Fabien"]
[Black "Scantland, Patrick"]
[Result "1-0"]
[WhiteElo "2000"]
[BlackElo "1788"]
[PlyCount "41"]
[EventDate "2016.04.12"]
[EventType "tourn"]
[EventRounds "7"]
[EventCountry "CAN"]

1. e4 c5 2. Nf3 d6 3. d4 cxd4 4. Nxd4 Nf6 5. Nc3 a6 6. Bg5 e6 7. f4 Be7 8. Qf3
Qc7 9. O-O-O Nbd7 10. Bd3 b5 11. Rhe1 Bb7 12. Qg3 b4 13. Na4 h6 14. Qh3 Nc5 15.
Nxc5 dxc5 16. Nxe6 fxe6 17. e5 Bd5 18. Bg6+ Kf8 19. exf6 Bxf6 20. Rxd5 Bxg5 21.
Qxe6 1-0

[Event "Outaouais-ch ferme"]
[Site "Gatineau CAN"]
[Date "2016.05.10"]
[Round "5"]
[White "Arsenault, Michel"]
[Black "Libersan, Mattieu"]
[Result "0-1"]
[WhiteElo "1851"]
[BlackElo "2006"]
[PlyCount "82"]
[EventDate "2016.04.12"]
[EventType "tourn"]
[EventRounds "7"]
[EventCountry "CAN"]

1. c4 Nf6 2. g3 g6 3. Bg2 Bg7 4. e4 d6 5. Nc3 O-O 6. Nge2 e5 7. O-O Nc6 8. f4
exf4 9. gxf4 Nh5 10. d4 Bg4 11. Be3 Qd7 12. Qd2 Rae8 13. e5 Ne7 14. Rae1 Nf5
15. h3 Nxe3 16. Qxe3 Bf5 17. Kh2 c6 18. Bf3 f6 19. Bxh5 gxh5 20. e6 Qxe6 21.
Qxe6+ Bxe6 22. d5 cxd5 23. cxd5 Bf7 24. Nd4 Bh6 25. Ne4 Bxd5 26. Nxf6+ Rxf6 27.
Rxe8+ Kf7 28. Rc8 Bxf4+ 29. Rxf4 Rxf4 30. Nb5 h4 31. Nc3 Bc6 32. Rh8 Kg7 33.
Rd8 Rf2+ 34. Kg1 Rg2+ 35. Kf1 Rg3 36. Rxd6 Rxh3 37. Rd4 Rh1+ 38. Kf2 h3 39. Kg3
h2 40. Rd2 Kg6 41. b4 Rc1 0-1

[Event "Outaouais-ch ferme"]
[Site "Gatineau CAN"]
[Date "2016.05.17"]
[Round "6"]
[White "Desjardins, Michel"]
[Black "Arsenault, Michel"]
[Result "0-1"]
[WhiteElo "1909"]
[BlackElo "1851"]
[PlyCount "56"]
[EventDate "2016.04.12"]
[EventType "tourn"]
[EventRounds "7"]
[EventCountry "CAN"]

1. e4 c5 2. c3 Nf6 3. e5 Nd5 4. Nf3 e6 5. d4 cxd4 6. cxd4 d6 7. Bc4 Nb6 8. Bd3
Nc6 9. O-O dxe5 10. dxe5 Be7 11. Nc3 Nb4 12. Be4 a6 13. Qb3 Qc7 14. a3 Nc6 15.
Be3 Nd7 16. Rac1 Ndxe5 17. Nxe5 Qxe5 18. Qb6 O-O 19. Bxc6 bxc6 20. Qxc6 Rb8 21.
Rc2 Bb7 22. Qc4 Rbc8 23. Qd4 Qf5 24. Rfc1 Qg6 25. g3 Qh5 26. f4 Qf3 27. Qb6
Rfd8 28. Ne2 Qg2# 0-1

[Event "Outaouais-ch reserve"]
[Site "Gatineau CAN"]
[Date "2016.04.12"]
[Round "1"]
[White "Bourbonnais, Luc"]
[Black "Thibault, Mario"]
[Result "0-1"]
[WhiteElo "1278"]
[BlackElo "1767"]
[PlyCount "66"]
[EventDate "2016.04.12"]
[EventType "swiss"]
[EventRounds "7"]
[EventCountry "CAN"]

1. e4 c5 2. Nf3 g6 3. d4 cxd4 4. Nxd4 Nc6 5. Be3 Nf6 6. Nc3 Bg7 7. f3 O-O 8.
Qd2 d6 9. O-O-O Bd7 10. Bh6 Nxd4 11. Bxg7 Nb3+ 12. axb3 Kxg7 13. Nd5 Nxd5 14.
Qxd5 Kg8 15. Bc4 a6 16. b4 Rc8 17. Qd3 Qb6 18. Qd4 Qc6 19. Bb3 Be6 20. Qd3 Bxb3
21. Qxb3 Rc7 22. Rd3 Rfc8 23. Rc3 Qb5 24. Rxc7 Rxc7 25. Kd1 Rc4 26. c3 a5 27.
Rf1 Rxb4 28. cxb4 Qxf1+ 29. Kd2 Qxg2+ 30. Ke3 axb4 31. Qxb4 b6 32. h4 Qg1+ 33.
Ke2 Qc5 0-1

[Event "Outaouais-ch reserve"]
[Site "Gatineau CAN"]
[Date "2016.04.12"]
[Round "1"]
[White "Jobin, Gilles G"]
[Black "Ethier, Valori"]
[Result "1-0"]
[WhiteElo "1773"]
[BlackElo "1363"]
[PlyCount "89"]
[EventDate "2016.04.12"]
[EventType "swiss"]
[EventRounds "7"]
[EventCountry "CAN"]

1. e4 c6 2. d3 d5 3. Nd2 dxe4 4. dxe4 Nf6 5. Ngf3 Bg4 6. Be2 e6 7. O-O Be7 8.
Ne5 Bxe2 9. Qxe2 Nbd7 10. Nxd7 Qxd7 11. Nf3 Qc7 12. Bg5 O-O 13. e5 Nd5 14. c4
Bxg5 15. cxd5 Bh6 16. d6 Qa5 17. Rfd1 Rad8 18. Qc4 Rd7 19. Rd3 a6 20. b4 Qb6
21. a4 Rc8 22. Qc5 Qd8 23. a5 Qf8 24. Qc4 Qd8 25. Re1 Rb8 26. g4 Rc8 27. h4 g6
28. g5 Bg7 29. Qf4 Qf8 30. Nh2 h5 31. Nf3 c5 32. Nd2 cxb4 33. Qxb4 Rc2 34. Nc4
Qa8 35. Nb6 Qa7 36. Qa4 Bxe5 37. Qxc2 Rxd6 38. Rxe5 Rc6 39. Rc5 Qb8 40. Rxc6
bxc6 41. Qxc6 Qe5 42. Qe8+ Kg7 43. Rf3 Qe1+ 44. Kg2 Qe4 45. Qxf7+ 1-0

[Event "Outaouais-ch reserve"]
[Site "Gatineau CAN"]
[Date "2016.04.12"]
[Round "1"]
[White "Potvin, Daniel"]
[Black "Danilov, Alex"]
[Result "0-1"]
[WhiteElo "1538"]
[BlackElo "1763"]
[PlyCount "62"]
[EventDate "2016.04.12"]
[EventType "swiss"]
[EventRounds "7"]
[EventCountry "CAN"]

1. b3 d5 2. Bb2 Nf6 3. e3 c6 4. Nf3 Bg4 5. Be2 Nbd7 6. O-O Bxf3 7. Bxf3 e5 8.
d3 Bd6 9. Nd2 e4 10. dxe4 dxe4 11. Bg4 Qc7 12. Bxd7+ Nxd7 13. g3 Be5 14. c3 f5
15. Nc4 O-O-O 16. f4 Nb6 17. Nxb6+ Qxb6 18. Qe2 Bf6 19. Rad1 h5 20. h4 Rhe8 21.
Kf2 Qa5 22. c4 Qxa2 23. Bxf6 Qxe2+ 24. Kxe2 gxf6 25. Rxd8+ Rxd8 26. Rd1 Rxd1
27. Kxd1 a5 28. Kc2 Kd7 29. c5 Ke6 30. Kc3 Kd5 31. b4 a4 0-1

[Event "Outaouais-ch reserve"]
[Site "Gatineau CAN"]
[Date "2016.04.12"]
[Round "1"]
[White "Seguin, Hubert"]
[Black "Arcand, Pierre"]
[Result "1-0"]
[WhiteElo "1555"]
[BlackElo "1114"]
[PlyCount "101"]
[EventDate "2016.04.12"]
[EventType "swiss"]
[EventRounds "7"]
[EventCountry "CAN"]

1. e4 e5 2. Nf3 Nc6 3. Bb5 Nf6 4. O-O Nxe4 5. Re1 Nd6 6. Bxc6 bxc6 7. Nxe5 Be7
8. Qe2 O-O 9. Nxc6 dxc6 10. Qxe7 Qxe7 11. Rxe7 Re8 12. Rxe8+ Nxe8 13. d4 Rb8
14. b3 Rb5 15. c4 Rf5 16. Nc3 c5 17. dxc5 Rxc5 18. Be3 Ra5 19. Rd1 Be6 20. Rd8
Kf8 21. b4 Ke7 22. Rxe8+ Kxe8 23. bxa5 a6 24. Nd5 Kd7 25. Bf4 c5 26. Nb6+ Kc6
27. Kf1 Bf5 28. Ke2 g6 29. Kd2 h5 30. Kc3 Be4 31. f3 Bb1 32. a3 Bf5 33. Be3 Be6
34. Na4 f5 35. Nxc5 Bc8 36. Nd3 Kd6 37. Nf4 g5 38. Nxh5 f4 39. Bd4 Ke6 40. Nf6
Kf5 41. Ne4 Kg6 42. c5 g4 43. c6 gxf3 44. gxf3 Be6 45. Nd6 Kh5 46. c7 Kh4 47.
c8=Q Bxc8 48. Nxc8 Kh3 49. Be5 Kg2 50. Bxf4 Kxf3 51. Bc7 1-0

[Event "Outaouais-ch reserve"]
[Site "Gatineau CAN"]
[Date "2016.04.12"]
[Round "1"]
[White "Simard, Paul"]
[Black "Lecorre, Joel"]
[Result "0-1"]
[WhiteElo "1175"]
[BlackElo "1584"]
[PlyCount "84"]
[EventDate "2016.04.12"]
[EventType "swiss"]
[EventRounds "7"]
[EventCountry "CAN"]

1. f4 Nf6 2. Nf3 d5 3. e3 c5 4. b3 e6 5. Bb2 Be7 6. Be2 Nc6 7. Bb5 a6 8. Bxc6+
bxc6 9. Ne5 Qd6 10. O-O O-O 11. Nc3 Nd7 12. Ne2 f6 13. Nxd7 Bxd7 14. Ng3 Rab8
15. Ba3 d4 16. Qe2 f5 17. Rf3 Bf6 18. Rb1 g6 19. Bb2 e5 20. fxe5 Bxe5 21. Kh1
Rbe8 22. Qxa6 Ra8 23. Qf1 Rxa2 24. Qe2 Rxb2 25. Rxb2 d3 26. Qxd3 Qxd3 27. cxd3
Bxb2 28. Ne2 Ra8 29. Rf1 Ra1 30. Rxa1 Bxa1 31. Nf4 Be5 32. Nh3 Be6 33. Ng5 Bxb3
34. e4 Bf4 35. Nf3 Bc2 36. g3 fxe4 37. gxf4 exf3 38. Kg1 Bxd3 39. Kf2 Be4 40.
Ke3 Kf7 41. d3 Bd5 42. h4 Kf6 0-1